| 000 | 00966cam a22003013 4500 | ||
|---|---|---|---|
| 001 | 12958221 | ||
| 003 | ARRUPE | ||
| 005 | 20220511081011.0 | ||
| 008 | 021004s1933 enka 000 1 eng | ||
| 010 | _atmp96004136 | ||
| 040 |
_aDLC _cDLC |
||
| 050 | 0 | 0 |
_aPZ3.D55 _bO47 _aPR4566 |
| 100 | 1 |
_aDickens, Charles, _d1812-1870. _926544 |
|
| 245 | 1 | 4 |
_aThe old curiosity shop. _cCharles Dickens |
| 260 |
_aLondon, _aNew York _c[1933] _bEveryman's library |
||
| 300 |
_axlii, 569p. ; _c17 cm. |
||
| 650 | 0 |
_aGrandparent and child _vFiction. _937304 |
|
| 650 | 0 |
_aAntique dealers _vFiction. _951518 |
|
| 650 | 0 |
_aGrandfathers _vFiction. _937307 |
|
| 650 | 0 |
_aGamblers _vFiction. _951519 |
|
| 650 | 0 |
_aGirls _vFiction. _951520 |
|
| 651 | 0 |
_aEngland _vFiction. _93203 |
|
| 655 | 7 |
_aDidactic fiction. _2gsafd _950485 |
|
| 655 | 7 |
_aDomestic fiction. _2lcsh |
|
| 906 |
_a0 _bcbc _cpremver _du _encip _f19 _gy-gencatlg |
||
| 942 |
_2lcc _cMONOGRAPH |
||
| 999 |
_c131396 _d131396 |
||